Welcome to CU Library Online Public Access Catalogue (OPAC)

The surprising work of God : (Record no. 1129)

MARC details
000 -LEADER
fixed length control field 00742cam a2200205 a 4500
001 - CONTROL NUMBER
control field 15169868
005 - DATE AND TIME OF LATEST TRANSACTION
control field 20241113145808.0
008 - FIXED-LENGTH DATA ELEMENTS--GENERAL INFORMATION
fixed length control field 080205s2008 miua b 001 0 eng
020 ## - INTERNATIONAL STANDARD BOOK NUMBER
International Standard Book Number 9780801035708 (pbk.)
020 ## - INTERNATIONAL STANDARD BOOK NUMBER
International Standard Book Number 0801035708 (pbk.)
050 00 - LIBRARY OF CONGRESS CALL NUMBER
Classification number BX7260.O3
Item number R67 2008
082 00 - DEWEY DECIMAL CLASSIFICATION NUMBER
Classification number 277.3/0825
Edition information 22
100 1# - MAIN ENTRY--PERSONAL NAME
Personal name Rosell, Garth.
245 14 - TITLE STATEMENT
Title The surprising work of God :
Remainder of title Harold John Ockenga, Billy Graham, and the rebirth of evangelicalism /
Statement of responsibility, etc. Garth M. Rosell.
260 ## - PUBLICATION, DISTRIBUTION, ETC.
Place of publication, distribution, etc. Grand Rapids, Mich. :
Name of publisher, distributor, etc. Baker Academic,
Date of publication, distribution, etc. c2008.
300 ## - PHYSICAL DESCRIPTION
Extent 268 p. :
Other physical details ill. ;
Dimensions 23 cm.
650 #0 - SUBJECT ADDED ENTRY--TOPICAL TERM
Topical term or geographic name entry element Evangelicalism
Geographic subdivision United States
General subdivision History.
856 41 - ELECTRONIC LOCATION AND ACCESS
Materials specified Table of contents only
Uniform Resource Identifier <a href="http://www.loc.gov/catdir/toc/ecip0810/2008005063.html">http://www.loc.gov/catdir/toc/ecip0810/2008005063.html</a>
942 ## - ADDED ENTRY ELEMENTS (KOHA)
Source of classification or shelving scheme Library of Congress Classification
Koha item type Books
Suppress in OPAC No
999 ## -
-- 1129
-- 1129
Holdings
Withdrawn status Lost status Source of classification or shelving scheme Damaged status Not for loan Collection Home library Current library Shelving location Date acquired Total checkouts Full call number Barcode Date last seen Copy number Price effective from Koha item type
    Library of Congress Classification     Non-fiction Law Library (Miotso) Law Library (Miotso) General stacks 11/13/2024   BX7260.03R67 LLM00000862 11/13/2024 1 11/13/2024 Books
© 2023-2024 Copyright: Central University Libraries. All Rights Reserved | Created by: Mahone Tech Office